Machinisme et philosophie / (Record no. 13877)

MARC details
000 -LEADER
campo de control de longitud fija 00720nam a2200241 i 4500
001 - NÚMERO DE CONTROL
campo de control 13877
003 - IDENTIFICADOR DE NÚMERO DE CONTROL
campo de control ES-MaACL
005 - FECHA Y HORA DE LA ÚLTIMA TRANSACCIÓN
campo de control 20230906150659.0
007 - CAMPO FIJO DE DESCRIPCIÓN FÍSICA--INFORMACIÓN GENERAL
campo de control de longitud fija t|
008 - DATOS DE LONGITUD FIJA--INFORMACIÓN GENERAL
campo de control de longitud fija 980715s1969 fr ||||1| fre d
080 ## - NÚMERO DE LA CLASIFICACIÓN DECIMAL UNIVERSAL
Número de la Clasificación Decimal Universal 62/69:1
080 ## - NÚMERO DE LA CLASIFICACIÓN DECIMAL UNIVERSAL
Número de la Clasificación Decimal Universal 1:62/69
100 1# - ENTRADA PRINCIPAL--NOMBRE DE PERSONA
Nombre de persona Schuhl, Pierre-Maxime.
9 (RLIN) 104751
245 10 - MENCIÓN DEL TÍTULO
Título Machinisme et philosophie /
Mención de responsabilidad, etc. par Pierre-Maxime Schuhl.
250 ## - MENCION DE EDICION
Mención de edición 3e ed.
260 ## - PUBLICACIÓN, DISTRIBUCIÓN, ETC.
Lugar de publicación, distribución, etc. Paris :
Nombre del editor, distribuidor, etc. Presses Universitaires de France,
Fecha de publicación, distribución, etc. 1969.
300 ## - DESCRIPCIÓN FÍSICA
Extensión 151 p. ;
Dimensiones 18 cm.
490 1# - MENCIÓN DE SERIE
Mención de serie Nouvelle Encyclopédie philosophique
650 14 - PUNTO DE ACCESO ADICIONAL DE MATERIA--TÉRMINO DE MATERIA
Término de materia o nombre geográfico como elemento de entrada Tecnología-
Subdivisión general Filosofía.
9 (RLIN) 17408
830 0# - PUNTO DE ACCESO ADICIONAL DE SERIE-TÍTULO UNIFORME
Título uniforme Nouvelle Encyclopédie philosophique
9 (RLIN) 181689
852 ## - LOCALIZACIÓN
Ubicación ES-MaACL
Número de control de estantería L-21156
Sublocalización o colección R.113452
Holdings
Estatus retirado Estado de pérdida Estado de daño No para préstamo Biblioteca de origen Biblioteca actual Ubicación en estantería Fecha de adquisición Fuente de adquisición Total de préstamos Signatura topográfica completa Código de barras Visto por última vez Precio de reemplazo Tipo de ítem Koha
        Biblioteca del Ateneo de Madrid Biblioteca del Ateneo de Madrid Depósito 2 17/01/2008     L-21156 1014121 23/02/2023 23/02/2023 Libro impreso